00615nam a22001337a 450000500170000000800410001705000350005810000210009324501070011426000340022130000200025550000400027565001660031520250812094115.0250812b |||||||| |||| 00| 0 eng d aTHE HJ 2305 .K4 O532 2025bC.1 aOnderi, Jackline aTax Administration Practices, Government Policies and Revenue Growth of Kisii County Government, Kenya aKisiibKisii Universityc2025 axvi, 102p.:ill. aIncludes bibliographical references a1. Tax administration—Kenya—Kisii County. 2. Revenue—Kenya—Kisii County. 3. Local finance—Kenya—Kisii County. 4. County government—Kenya—Finance.